000 00984nam a22002297a 4500
001 1229
005 20230808155248.0
008 230808b cb ||||| |||| 00| 0 eng d
020 _a9781607100058
040 _aFISKH
_beng
_cFISKH
_dFISKH
050 _aQH546.S56
082 _a591.472
100 _aGilpin, Daniel
245 _aAnimal camouflage
_b3-D close up
260 _aSan Diego :
_bQuarto Children's Books,
_c2009.
300 _a23 pages :
_c25 cm.
505 _aH
520 _aLook at the extraordinary ways that animals disguise themselves, including four incredible pop-up scenes. Discover the fascinating ways that animals use camouflage to hide from predators or sneak up on their prey. All kinds of creatures are the masters of disguise, from curious insects that look like a leaf or flower, to the tiger and clouded leopard stalking among the shadows of the jungle.
521 _a500
_bLexile estimate
521 _aH
_bRaz-Plus estimate
942 _2ddc
_cBK
_n0
999 _c1229
_d1229